[One Piece] Mort subite - Fruits du démon - Statistiques

Statistiques générales
  • Ce quiz a été pris 931 fois
  • Le résultat moyen est 3 sur 16
Answers on the Grid
Answers color-coded by a green-red scale on the quiz's grid according to % correct below.
Mera Mera no Mi
Sabi Sabi no Mi
Kage Kage no Mi
Juku Juku no Mi
Maki Maki no Mi
Bomu Bomu no Mi
Aro Aro no Mi
Fuku Fuku no Mi
Hie Hie no Mi
Tama Tama no Mi
Pero Pero no Mi
Suke Suke no Mi
Hito Hito no Mi
Mogu Mogu no Mi
Ton Ton no Mi
Baku Baku no Mi
Hora Hora no Mi
Yoru Yoru no Mi
Kami Kami no Mi
Kaze Kaze no Mi
Mage Mage no Mi
Yame Yame no Mi
Rake Rake no Mi
Juki Juki no Mi
Mizu Mizu no Mi
Ero Ero no Mi
Seru Seru no Mi
Kiru Kiru no Mi
Buru Buru no Mi
Fuah Fuah no Mi
 
Statistiques - réponses
Réponse % Correct
Hito Hito no Mi
50%
Mera Mera no Mi
46%
Pero Pero no Mi
29%
Kage Kage no Mi
27%
Mogu Mogu no Mi
27%
Baku Baku no Mi
24%
Hie Hie no Mi
22%
Suke Suke no Mi
19%
Fuku Fuku no Mi
15%
Bomu Bomu no Mi
14%
Tama Tama no Mi
11%
Ton Ton no Mi
11%
Maki Maki no Mi
10%
Sabi Sabi no Mi
10%
Juku Juku no Mi
7%
Aro Aro no Mi
5%
Aucun quiz correspondant
Distribution des résultats
% des personnes avec chaque résultat
Percentile par nombre de réponses
Votre historique - résultats
Vous n’avez pas pris ce quiz